Northernmost Towns - Statistics

General Stats
  • This quiz has been taken 11 times
  • The average score is 4 of 25
Answer Stats
Latitude Town % Correct
78°13′N Longyearbyen, Svalbard
78%
71°18′N Utqiaġvik, Alaska, USA
67%
70°39′N Hammerfest, Norway
56%
78°04′N Barentsburg, Svalbard
33%
78°55′N Ny-Ålesund, Svalbard
33%
78°39′N Pyramiden, Svalbard
22%
74°41′N Resolute, Canada
22%
70°38′N Wainwright, Alaska, USA
22%
70°38′N Båtsfjord, Norway
11%
71°33′N Belushya Guba, Russia
11%
70°51′N Berlevåg, Norway
11%
73°30′N Dikson, Russia
11%
76°25′N Grise Fiord, Canada
11%
70°58′N Honningsvåg, Norway
11%
71°58′N Khatanga, Russia
11%
77°29′N Qaanaaq, Greenland
11%
71°39′N Tiksi, Russia
11%
73°02'N Arctic Bay, Canada
0%
72°01′N Bykovsky, Russia
0%
70°38′N Chokurdakh, Russia
0%
73°11′N Innaarsuit, Greenland
0%
71°26′N Nizhneyansk, Russia
0%
72°47′N Upernavik, Greenland
0%
70°40′N Uummannaq, Greenland
0%
71°45′N Yukagir, Russia
0%
No matching quizzes found
Score Distribution
Percent of People with Each Score
Percentile by Number Answered
Your Score History
You have not taken this quiz